Основы радиолокационной техники: пер. с англ.; Т. 1

Λεπτομέρειες βιβλιογραφικής εγγραφής
Άλλοι συγγραφείς: Высоцкий Б. Ф. (редактор), Майзельс Е. Н.
Γλώσσα:Ρωσικά
Έκδοση: Москва, Оборонгиз, 1951
Έκδοση:2-е изд.
Θέματα:
Μορφή: Βιβλίο
KOHA link:https://koha.lib.tpu.ru/cgi-bin/koha/opac-detail.pl?biblionumber=130339

MARC

LEADER 00000nam0a2200000 4500
001 130339
005 20231031133850.0
035 |a (RuTPU)RU\TPU\book\141165 
090 |a 130339 
100 |a 20080201d1951 m y0rusy50 ca 
101 0 |a rus 
102 |a RU 
105 |a a z 000zy 
200 1 |a Основы радиолокационной техники  |e пер. с англ.  |h Т. 1  |f под ред. Б. Ф. Высоцкого, Е. Н. Майзельса 
205 |a 2-е изд. 
210 |a Москва  |c Оборонгиз  |d 1951 
215 |a 486 с.  |c ил. 
610 1 |a радиолокационная техника 
610 1 |a электротехника 
610 1 |a основы 
610 1 |a колебания 
610 1 |a электронные лампы 
610 1 |a применение 
610 1 |a питание 
610 1 |a усилители 
610 1 |a генераторы 
610 1 |a электронно-лучевые трубки 
610 1 |a радиоволноводы 
610 1 |a резонаторы 
610 1 |a антенны 
610 1 |a источники 
675 |a 621.396.96  |v 3 
702 1 |a Высоцкий  |b Б. Ф.  |4 340 
702 1 |a Майзельс  |b Е. Н.  |4 340 
801 1 |a RU  |b 63413507  |c 20080201  |g PSBO 
801 2 |a RU  |b 63413507  |c 20160906  |g PSBO 
942 |c BK